Slovenská demografia - súčasnosť a perspektívy
Československá demografia mala počas celého 20. storočia dobrú úroveň a slušné medzinárodné postavenie. Po vzniku samostatnej SR sa slovenská demografia ocitla v novej situácii. Dynamický vývoj demografie na Slovensku za uplynulých 20 rokov. Zmeny sa týkajú všetkých oblastí fungovania demografie ako...
Enregistré dans:
| Auteur principal: | |
|---|---|
| Autres auteurs: | |
| Format: | Chapitre de livre |
| Langue: | slovaque |
| Sujets: | |
| Tags: |
Pas de tags, Soyez le premier à ajouter un tag!
|
MARC
| LEADER | 00000naa a2200000 4500 | ||
|---|---|---|---|
| 001 | 0128071 | ||
| 005 | 20231107114030.9 | ||
| 041 | 0 | |a slo | |
| 044 | |a SK | ||
| 245 | 1 | 0 | |a Slovenská demografia - súčasnosť a perspektívy |c Boris Vaňo, Anna Volná |
| 520 | |a Československá demografia mala počas celého 20. storočia dobrú úroveň a slušné medzinárodné postavenie. Po vzniku samostatnej SR sa slovenská demografia ocitla v novej situácii. Dynamický vývoj demografie na Slovensku za uplynulých 20 rokov. Zmeny sa týkajú všetkých oblastí fungovania demografie ako vednej disciplíny - od štatistiky cez výskum a vzdelávanie až po prezentáciu a medzinárodnú spoluprácu. | ||
| 610 | 2 | 0 | |a demografia |
| 610 | 2 | 0 | |a štatistika demografická |
| 610 | 2 | 0 | |a výskum |
| 610 | 2 | 0 | |a vzdelávanie |
| 610 | 2 | 0 | |a spolupráca medzinárodná |
| 610 | 2 | 0 | |a Slovensko |
| 100 | 1 | |a Vaňo, Boris | |
| 700 | 1 | |a Volná, Anna | |